000 00726nam a2200217Ii 4500
003 JO-AjNU
008 230605s9999||||xx |||||||||||||| ||und||
017 _a2000/1/134
040 _aJO-AjNU
_bara
_erda
_cJO-AjNU
041 _aara
050 1 4 _aPJ7852.A922 2000
100 3 _aنوايسة، حكمت,
_eauthor
_952739
245 0 0 _aشجر الأربعين
250 _aالطبعة العربية الاولى
264 3 1 _aعمان: دار اليازوري للنشر والتوزيع، 2000
300 _a71ص
336 _atext
_btxt
_2rdacontent
337 _aunmediated
_bn
_2rdamedia
338 _avolume
_bnc
_2rdacarrier
650 4 _aالادب العربي - الشعر الحديث - القرن 20
_952740
999 _aA23380
_c26948
_d26948